IELTS target 5.0 leading to IELTS acadmic :

Kaydedildi:
Detaylı Bibliyografya
Yazar: Gough, Chris
Materyal Türü: Kitap
Dil:Undetermined
Baskı/Yayın Bilgisi: Thành phố Hồ Chí Minh Tổng hợp Thành phố Hồ Chí Minh 2010
Konular:
Etiketler: Etiketle
Etiket eklenmemiş, İlk siz ekleyin!
Thư viện lưu trữ: Trung tâm Học liệu Trường Đại học Cần Thơ
LEADER 00615nam a2200205Ia 4500
001 CTU_200108
008 210402s9999 xx 000 0 und d
082 |a 428.0076 
082 |b G692/CD 
100 |a Gough, Chris 
245 0 |a IELTS target 5.0 leading to IELTS acadmic : 
245 0 |c Chris Gough 
260 |a Thành phố Hồ Chí Minh 
260 |b Tổng hợp Thành phố Hồ Chí Minh 
260 |c 2010 
650 |a English language,Tiếng Anh 
650 |x Kỳ thi 
650 |y Examinations 
904 |i Nguyên 
980 |a Trung tâm Học liệu Trường Đại học Cần Thơ